Los hampones : ópera en tres actos para solistas, coro y percusión /

Detalles Bibliográficos
Autor principal: Escobar, Luis Antonio, 1925-1993 (Compositor)
Otros Autores: Gaitán Durán, Jorge (Libretista), González Espinosa, Jesús Emilio (Editor)
Formato: Electrónico eBook
Lenguaje:español
Publicado: [Pamplona, Colombia] : Sello Editorial Unipamplona, 2021.
Materias:
Acceso en línea:Digitalia Hispánica

MARC

LEADER 00000nam a2200000 i 4500
001 DIGUPAMP0026
003 NyNyDIG
007 cr |||||||||||
008 240201s2021 ck g ob 000 0 spa d
006 m o d
035 |a (OCoLC)1422055831 
040 |a DGITA  |b eng  |e rda  |e pn  |c DGITA 
020 |z 9789585302051 
043 |a s-ck--- 
050 1 4 |a M1500 ebook 
100 1 |a Escobar, Luis Antonio,  |d 1925-1993,  |e composer. 
245 1 4 |a Los hampones :  |b ópera en tres actos para solistas, coro y percusión /  |c Luis Antonio Escobar ; libreto, Jorge Gaitán Durán ; partitura general y edición crítica por Jesús Emilio González Espinosa. 
264 1 |a [Pamplona, Colombia] :  |b Sello Editorial Unipamplona,  |c 2021. 
300 |a 1 online resource :  |b music. 
336 |a text  |b txt  |2 rdacontent 
337 |a computer  |b c  |2 rdamedia 
338 |a online resource  |b cr  |2 rdacarrier 
347 |a text file  |2 rdaft 
347 |b PDF 
504 |a Includes bibliographical references. 
588 0 |a Online resource; title from PDF title page (Digitalia, viewed February 1, 2024) 
650 0 |a Operas  |z Colombia  |y 19th century. 
650 0 |a Operas  |v Scores. 
700 1 |a Gaitán Durán, Jorge,  |e librettist. 
700 1 |a González Espinosa, Jesús Emilio,  |e editor. 
791 2 |a Digitalia (Firm),  |e distributor. 
793 0 |g Digitalia eBook Collection:  |a Universidad de Pamplona 
776 0 8 |i Print version:  |a Escobar, Luis Antonio, 1925-1993.  |t Hampones.  |b Primera edición.  |d [Pamplona, Colombia] : Sello Editorial Unipamplona, [2021]  |z 9789585302051 
856 4 0 |3 Digitalia Hispánica  |u https://www.digitaliapublishing.com/a/131118/ 
910 |a Premium collection: 2024